Actor / Actress by their Movies #5 - Statistics

General Stats
  • This quiz has been taken 57 times
  • The average score is 5 of 10
Answer Stats
Hint Answer % Correct
Harry Potter and the Prisoner of Azkaban / The Dark Knight / Tinker Tailor Soldier Spy / Darkest Hour Gary Oldman
82%
Spider-Man / 127 Hours / Dawn of the Planet of the Apes / The Interview James Franco
69%
Bad Boys / Big Momma's House / Martin / Black Knight Martin Lawrence
63%
8 Mile / Just Married / Happy Feet / Clueless Brittany Murphy
59%
The Queen / RED / The Fate of the Furious / Shazam! Fury of the Gods Helen Mirren
47%
Forgetting Sarah Marshall / The Five-Year Engagement / I Love You, Man / How I Met Your Mother Jason Segel
37%
The Theory of Everything / Rogue One: A Star Wars Story / Inferno / The Aeronauts Felicity Jones
33%
Scream / Jane the Virgin / Wednesday / Iron Man 3 Jenna Ortega
27%
Attack the Block / Star Wars: The Force Awakens / The Circle / Pacific Rim Uprising John Boyega
25%
300 / Fighting with My Family / Game of Thrones / The Red Baron Lena Headey
16%
No matching quizzes found
Score Distribution
Percent of People with Each Score
Percentile by Number Answered
Your Score History
You have not taken this quiz